Cultural History of the Muslims (Record no. 8425)

MARC details
000 -LEADER
fixed length control field 00551nam a2200229 a 4500
020 ## - INTERNATIONAL STANDARD BOOK NUMBER
ISBN
082 00 - DEWEY DECIMAL CLASSIFICATION NUMBER
Classification number 305.6297
Author Cutter BAR1
100 ## - MAIN ENTRY--AUTHOR NAME
Author name Bartold, V V
245 ## - TITLE STATEMENT
Title Cultural History of the Muslims
260 ## - PUBLICATION, DISTRIBUTION, ETC. (IMPRINT)
Place of publication Delhi
Name of publisher Mittal Publication
Year of publication 1986
300 ## - PHYSICAL DESCRIPTION
Number of Pages 146p
500 ## - GENERAL NOTE
General note includes index and biblioraphy
505 2# - FORMATTED CONTENTS NOTE
Formatted contents note Bibliography
650 ## - SUBJECT ADDED ENTRY--TOPICAL TERM
Topical Term Islamic-Culture
942 ## - ADDED ENTRY ELEMENTS (KOHA)
Koha item type Books
Holdings
Collection code Home library Current library Date acquired Cost, normal purchase price Full call number Accession Number Koha item type
  Henry Martyn Institute Library Henry Martyn Institute Library 03/27/2007 95.00 305.6297 BAR1 012189 Books
                   Copyright © 2026 | Henry Martyn Institute | Hyderabad | TS-500052 | INDIA | Implemented by hmi.edu.in
Hit-Count:

Powered by Koha